EFL Championship Playoff Teams - Statistics

General Stats
  • This quiz has been taken 52 times
  • The average score is 163 of 198
Answer Stats
Year Team % Correct
2022/23 | 2024/25 Coventry City
96%
2021/22 | 2022/23 Luton Town
96%
2017/18 | 2018/19 Aston Villa
93%
2008/09 Burnley
91%
1992/93 | 1993/94 | 1995/96 | +2 others Leicester City
91%
2002/03 | 2009/10 | 2010/11 | 2021/22 Nottingham Forest
91%
2009/10 | 2010/11 | 2011/12 | 2019/20 Cardiff City
89%
1996/97 | 1997/98 | 1998/99 | +4 others Ipswich Town
89%
2001/02 | 2014/15 | 2023/24 Norwich City
89%
2006/07 | 2023/24 Southampton
89%
1997/98 | 2003/04 | 2022/23 | 2024/25 Sunderland
89%
2010/11 | 2019/20 | 2020/21 Swansea City
89%
1994/95 | 1996/97 | 2001/02 | +2 others Wolves
89%
2014/15 | 2019/20 | 2020/21 Brentford
87%
2016/17 | 2017/18 | 2019/20 Fulham
87%
2005/06 | 2018/19 | 2023/24 Leeds United
87%
2009/10 | 2011/12 Blackpool
85%
1995/96 | 1996/97 | 2003/04 | +3 others Crystal Palace
85%
1993/94 | 2004/05 | 2006/07 | +4 others Derby County
85%
2007/08 | 2015/16 Hull City
85%
1996/97 | 1997/98 | 2002/03 | +3 others Sheffield United
85%
1998/99 | 1999/2000 | 2000/01 | +2 others Birmingham City
83%
2007/08 | 2024/25 Bristol City
83%
2014/15 | 2017/18 | 2022/23 Middlesbrough
83%
2012/13 | 2013/14 | 2015/16 Brighton & Hove Albion
80%
2000/01 | 2006/07 | 2018/19 | 2023/24 West Brom
80%
2003/04 | 2004/05 | 2011/12 West Ham United
80%
1999/2000 | 2020/21 Barnsley
78%
2016/17 | 2021/22 Huddersfield Town
78%
1992/93 Portsmouth
76%
2013/14 QPR
76%
1994/95 | 2002/03 | 2008/09 | +2 others Reading
76%
2015/16 | 2016/17 Sheffield Wednesday
76%
1998/99 | 2005/06 | 2007/08 | 2012/13 Watford
76%
2020/21 Bournemouth
72%
1995/96 | 1997/98 Charlton Athletic
72%
1993/94 | 2001/02 Millwall
72%
1995/96 Stoke City
72%
2013/14 Wigan Athletic
72%
1994/95 | 1998/99 | 1999/2000 | 2000/01 Bolton Wanderers
70%
1992/93 Swindon Town
65%
2000/01 | 2004/05 | 2005/06 | 2008/09 Preston North End
61%
1992/93 | 1993/94 | 1994/95 Tranmere Rovers
35%
No matching quizzes found
Score Distribution
Percent of People with Each Score
Percentile by Number Answered
Your Score History
You have not taken this quiz